[Event "Bielefelder SK 1 - SK Münster 2"]
[Site "NRW-Klasse, Gruppe 2 2010/201"]
[Date "2011.02.20"]
[Round "7.2"]
[White "Buenermann, Volker"]
[Black "Ratkovitch, Dimitri"]
[Result "1-0"]
[WhiteElo "2270"]
[BlackElo "2140"]
[PlyCount "37"]
[EventDate "2011.??.??"]

1. e4 d6 2. d4 g6 3. Nc3 c6 4. Be3 Nf6 5. f3 b5 6. Qd2 Nbd7 7. a4 bxa4 8. Rxa4
Nb6 9. Ra2 h6 10. Bd3 e5 11. dxe5 dxe5 12. Qf2 Be6 13. Ra6 Nfd7 14. b3 Bb4 15.
Nge2 Qe7 16. Bxb6 Nxb6 17. Qxb6 axb6 18. Rxa8+ Kd7 19. Ra7+ 1-0

[Event "Bielefelder SK 1 - SK Münster 2"]
[Site "NRW-Klasse, Gruppe 2 2010/201"]
[Date "2011.02.20"]
[Round "7.4"]
[White "Wagenknecht, Uwe"]
[Black "Kammers, Heribert"]
[Result "1/2-1/2"]
[WhiteElo "2194"]
[BlackElo "2053"]
[PlyCount "118"]
[EventDate "2011.??.??"]

1. c4 e6 2. Nf3 d5 3. e3 Nf6 4. b3 b6 5. cxd5 exd5 6. Bb2 Bd6 7. Qc2 c5 8. d4
Nc6 9. Bb5 Bd7 10. O-O O-O 11. Nc3 cxd4 12. exd4 Rc8 13. a3 Bg4 14. Be2 Bxf3
15. Bxf3 Nxd4 16. Qd3 Nxf3+ 17. Qxf3 Be5 18. Rad1 Bxc3 19. Bxc3 Ne4 20. Ba1 Qg5
21. h4 Qxh4 22. Rxd5 Ng5 23. Qf5 Ne6 24. Rd7 Rc6 25. g3 Qg5 26. Qxg5 Nxg5 27.
Rxa7 Nf3+ 28. Kg2 Nd2 29. Rd1 Nxb3 30. Be5 Nc5 31. Rb1 f6 32. Bd4 Rf7 33. Ra8+
Rf8 34. Rxf8+ Kxf8 35. Rxb6 Rc7 36. Rb5 Ne6 37. Be3 Rc4 38. Ra5 Ke7 39. Ra7+
Rc7 40. Rxc7+ Nxc7 41. Kf3 h5 42. a4 Ke6 43. a5 Kf5 44. Bb6 Na8 45. Bd8 g5 46.
a6 Ke5 47. a7 Kf5 48. Ke3 Ke5 49. f4+ gxf4+ 50. gxf4+ Kf5 51. Kf3 h4 52. Be7
Ke6 53. Bb4 Kd5 54. Bc3 f5 55. Bf6 Kc6 56. Bxh4 Kb7 57. Bf2 Nc7 58. Kg3 Ne6 59.
Be3 Ka8 1/2-1/2

[Event "Bielefelder SK 1 - SK Münster 2"]
[Site "NRW-Klasse, Gruppe 2 2010/201"]
[Date "2011.02.20"]
[Round "7.5"]
[White "Borrink, Joern"]
[Black "Simon, Hans Christian"]
[Result "1/2-1/2"]
[WhiteElo "2075"]
[BlackElo "2141"]
[PlyCount "132"]
[EventDate "2011.??.??"]

1. e4 e5 2. Nf3 Nf6 3. Nc3 Nc6 4. a3 g6 5. d4 exd4 6. Nxd4 Bg7 7. Nxc6 bxc6 8.
Bd3 O-O 9. O-O Re8 10. Bg5 h6 11. Bh4 d5 12. Re1 g5 13. Bg3 Bg4 14. f3 Be6 15.
Be5 Nd7 16. Bxg7 Kxg7 17. exd5 cxd5 18. Bb5 Qf6 19. Bxd7 Bxd7 20. Qxd5 Bf5 21.
Qc5 Qb6 22. Qxb6 cxb6 23. Kf2 Bxc2 24. Rxe8 Rxe8 25. Rc1 Bf5 26. Rd1 Rc8 27.
Rd6 Be6 28. g3 Kf6 29. Ke3 Ke7 30. Rd4 Rc5 31. h4 f6 32. hxg5 hxg5 33. Rd2 Re5+
34. Kf2 Rc5 35. Re2 Kf7 36. Ne4 Rc7 37. Nd6+ Ke7 38. Nb5 Rd7 39. Rc2 Bf5 40.
Rc7 Rxc7 41. Nxc7 Bd7 42. Ke3 Kd6 43. Na6 Kd5 44. b3 Ke5 45. Nb4 a5 46. Nc2 Kd5
47. Nd4 a4 48. Kd3 g4 49. fxg4 axb3 50. Nxb3 Bxg4 51. Nd2 Bd7 52. Ke3 Bf5 53.
Kf4 Bc2 54. g4 Kd4 55. g5 fxg5+ 56. Kxg5 Kc3 57. Nf3 Bd1 58. Ne5 Kb3 59. Kf4 b5
60. Ke3 Kxa3 61. Kd2 Bh5 62. Nc6 Bg6 63. Kc3 Be4 64. Nb4 Ka4 65. Na6 Ka5 66.
Nb4 Ka4 1/2-1/2

[Event "Bielefelder SK 1 - SK Münster 2"]
[Site "NRW-Klasse, Gruppe 2 2010/201"]
[Date "2011.02.20"]
[Round "7.6"]
[White "Forchert, Niko"]
[Black "Niermann, Rainer"]
[Result "1/2-1/2"]
[WhiteElo "2171"]
[BlackElo "1993"]
[PlyCount "83"]
[EventDate "2011.??.??"]

1. d4 e6 2. Nf3 c5 3. c3 Nf6 4. Bg5 Nc6 5. e3 Qb6 6. Qc2 d5 7. Nbd2 Bd7 8. Bd3
Rc8 9. Qb3 Qxb3 10. axb3 cxd4 11. exd4 Bd6 12. O-O a6 13. Rfe1 O-O 14. b4 h6
15. Bh4 Na7 16. Ne5 g5 17. Bg3 Bb5 18. Bb1 Nh5 19. Nd3 Nxg3 20. hxg3 Rc7 21.
Ne5 Kg7 22. Nb3 Nc6 23. Nxc6 Rxc6 24. Nc5 Bxc5 25. bxc5 b6 26. b4 a5 27. Bc2
axb4 28. cxb4 Rb8 29. Ra7 bxc5 30. dxc5 d4 31. Rd1 d3 32. Bxd3 Bxd3 33. Rxd3
Rxb4 34. Rdd7 Rxc5 35. Rxf7+ Kg6 36. f3 Rb1+ 37. Kh2 Rcc1 38. g4 Rc2 39. Rg7+
Kf6 40. Raf7+ Ke5 41. Rb7 Rxb7 42. Rxb7 1/2-1/2

[Event "Bielefelder SK 1 - SK Münster 2"]
[Site "NRW-Klasse, Gruppe 2 2010/201"]
[Date "2011.02.20"]
[Round "7.7"]
[White "Kaufhold, Thomas"]
[Black "Danielmeier, Ralf"]
[Result "1/2-1/2"]
[WhiteElo "1986"]
[BlackElo "2107"]
[PlyCount "26"]
[EventDate "2011.??.??"]

1. d4 Nf6 2. c4 g6 3. Nc3 d5 4. Bf4 Bg7 5. Nf3 O-O 6. Rc1 dxc4 7. e4 b5 8. Nxb5
Nxe4 9. Bxc4 c6 10. Nc3 Nd6 11. Be2 Nf5 12. d5 Bb7 13. dxc6 Nxc6 1/2-1/2

[Event "Bielefelder SK 1 - SK Münster 2"]
[Site "NRW-Klasse, Gruppe 2 2010/201"]
[Date "2011.02.20"]
[Round "7.8"]
[White "Gruettemeier, Uwe"]
[Black "Eiersbrock, Robin"]
[Result "1/2-1/2"]
[WhiteElo "2078"]
[BlackElo "1903"]
[Annotator "Hausrath,Daniel"]
[PlyCount "96"]
[EventDate "2011.??.??"]

1. d4 d5 2. c4 Nc6 3. Nc3 dxc4 4. Nf3 Nf6 5. Bg5 Nd5 6. e4 Nxc3 7. bxc3 h6 8.
Bh4 g5 9. Bg3 Bg7 10. Bxc4 O-O 11. O-O Bg4 12. Be2 Na5 13. Ne5 Bxe2 14. Qxe2 e6
15. Rad1 Qe7 16. Qb5 b6 17. Nc4 c6 18. Qa6 Nxc4 19. Qxc4 Rac8 20. Rfe1 Rfd8 21.
h3 Qb7 22. h4 Qe7 23. hxg5 Qxg5 24. Qa6 h5 25. Qxa7 h4 26. Bh2 h3 27. Bg3 hxg2
28. Qxb6 f5 29. exf5 Qxf5 30. Qb3 Rd5 31. Kxg2 Rf8 32. Re3 Bh6 33. Re5 Qf3+ 34.
Kg1 Bf4 35. c4 Bxe5 36. Qxf3 Rxf3 37. cxd5 Bxg3 38. fxg3 Rxg3+ 39. Kf2 Ra3 $11
40. dxe6 Rxa2+ 41. Kf3 Kf8 42. Rc1 Ra6 43. Ke4 Ke7 44. Ke5 Rb6 45. Rc5 Ra6 46.
Kf5 Kd6 47. Kf6 Ra2 48. Rf5 Re2 1/2-1/2

[Event "SC Klein-Berlin Rheine 1 - Elberfelder "]
[Site "NRW-Klasse, Gruppe 2 2010/201"]
[Date "2011.02.20"]
[Round "7.1"]
[White "Odendahl, Reiner"]
[Black "van Assendelft, Floris"]
[Result "1/2-1/2"]
[WhiteElo "2300"]
[BlackElo "2357"]
[PlyCount "133"]
[EventDate "2011.??.??"]

1. g3 e5 2. Bg2 Nf6 3. d3 Nc6 4. Nf3 d5 5. O-O Be7 6. c4 O-O 7. cxd5 Nxd5 8. a3
Re8 9. Nc3 Nb6 10. b4 Bf8 11. Rb1 a5 12. b5 Nd4 13. Nd2 a4 14. e3 Ne6 15. Nf3
f6 16. Qc2 Nc5 17. d4 exd4 18. Nxd4 Bg4 19. Ne4 Nbd7 20. Bd2 Bh5 21. Nxc5 Nxc5
22. Bb4 Bg6 23. Qc4+ Bf7 24. Qc3 Bd5 25. Bxd5+ Qxd5 26. Rfc1 b6 27. Qc4 Rad8
28. Nc6 Qxc4 29. Rxc4 Rd3 30. Bxc5 Bxc5 31. Rxa4 Rxa3 32. Rxa3 Bxa3 33. Ra1 Bd6
34. Ra4 f5 35. Kg2 Re4 36. Rxe4 fxe4 37. f3 exf3+ 38. Kxf3 Kf7 39. e4 Ke6 40.
Ke3 Be5 41. Nb4 Kd6 42. Nd3 g6 43. Kf3 Bc3 44. Kg4 Bd2 45. h4 c6 46. e5+ Kd5
47. bxc6 Kxc6 48. h5 Kd5 49. hxg6 hxg6 50. Nf4+ Kxe5 51. Nxg6+ Ke4 52. Nf8 b5
53. Nd7 Kd4 54. Kf3 b4 55. Ke2 Bg5 56. Nb6 b3 57. Na4 Bc1 58. Kd1 Be3 59. Ke2
Bg5 60. g4 Kc4 61. Kd1 Be3 62. Nb2+ Kb4 63. Ke2 Bc1 64. Nd3+ Kc4 65. Ne5+ Kc3
66. Nd3 Bg5 67. Nc5 1/2-1/2

[Event "SC Klein-Berlin Rheine 1 - Elberfelder "]
[Site "NRW-Klasse, Gruppe 2 2010/201"]
[Date "2011.02.20"]
[Round "7.2"]
[White "Ottens, Stephan"]
[Black "Hintze, Helge"]
[Result "0-1"]
[WhiteElo "2162"]
[BlackElo "2303"]
[PlyCount "54"]
[EventDate "2011.??.??"]

1. e4 e6 2. d4 d5 3. Nc3 Bb4 4. e5 Ne7 5. h4 c5 6. a3 Ba5 7. Nf3 Nbc6 8. Bd2
Nxd4 9. Nxd4 cxd4 10. Nb5 Bxd2+ 11. Qxd2 O-O 12. Nxd4 f6 13. exf6 Rxf6 14. Nf3
Qc7 15. O-O-O Bd7 16. Re1 Raf8 17. Bd3 Ng6 18. Bxg6 Rxg6 19. Rhg1 Rgf6 20. Qe3
b5 21. Re2 a5 22. Ne5 b4 23. axb4 axb4 24. b3 Bb5 25. Rd2 Ra8 26. Qd4 Qc3 27.
Qxc3 bxc3 0-1

[Event "SC Klein-Berlin Rheine 1 - Elberfelder "]
[Site "NRW-Klasse, Gruppe 2 2010/201"]
[Date "2011.02.20"]
[Round "7.3"]
[White "Mantler, Hendrik"]
[Black "Bruemmer, Frank"]
[Result "1-0"]
[WhiteElo "2144"]
[BlackElo "2184"]
[PlyCount "121"]
[EventDate "2011.??.??"]

1. e4 e6 2. d4 d5 3. Nc3 Nf6 4. Bg5 Be7 5. e5 Nfd7 6. h4 h6 7. Bxe7 Qxe7 8. Nb5
Nb6 9. c3 a6 10. Na3 c5 11. Qg4 O-O 12. Nc2 Nc6 13. Nf3 cxd4 14. Ncxd4 f6 15.
Nxc6 bxc6 16. Bd3 f5 17. Qf4 a5 18. g4 fxg4 19. Qxg4 Ba6 20. Bc2 Qf7 21. Rh3
Nc4 22. O-O-O Qf4+ 23. Qxf4 Rxf4 24. Bd3 Rxf3 25. Rxf3 Nxe5 26. Bxa6 Nxf3 27.
Bb7 Rf8 28. Bxc6 Ne5 29. Bb5 Rxf2 30. Re1 Rf5 31. a4 Kf7 32. b4 Ke7 33. bxa5
Kd6 34. Rg1 Rf7 35. Kb2 Kc5 36. Kb3 Nf3 37. Rg6 Re7 38. Rg4 Nd2+ 39. Kc2 Ne4
40. Rf4 Nd6 41. Be2 e5 42. Rf8 Rc7 43. Kb3 Ne4 44. Rd8 Nd2+ 45. Kc2 Nc4 46. a6
Kb6 47. Bxc4 Rxc4 48. Rxd5 Rxh4 49. Kb3 g5 50. Rd6+ Ka7 51. c4 g4 52. Kb4 Rh1
53. Ka5 h5 54. Rd7+ Ka8 55. a7 Rf1 56. c5 g3 57. Kb6 Rf8 58. c6 e4 59. c7 Rf6+
60. Kb5 Rf5+ 61. Kb4 1-0

[Event "SC Klein-Berlin Rheine 1 - Elberfelder "]
[Site "NRW-Klasse, Gruppe 2 2010/201"]
[Date "2011.02.20"]
[Round "7.4"]
[White "Lambrechts, Koen"]
[Black "Werbeck, Torsten"]
[Result "1-0"]
[WhiteElo "2198"]
[BlackElo "2090"]
[PlyCount "81"]
[EventDate "2011.??.??"]

1. e4 d6 2. d4 g6 3. Nc3 Bg7 4. Be3 a6 5. h4 h5 6. Qd2 b5 7. a4 b4 8. Na2 a5 9.
c3 bxc3 10. Nxc3 c6 11. Nh3 Ba6 12. Ng5 Nh6 13. d5 Bxf1 14. Kxf1 Ng4 15. Bd4
Nf6 16. Re1 c5 17. e5 cxd4 18. exf6 Bxf6 19. Nce4 Be5 20. Qd3 Qb6 21. f4 Bg7
22. Nxf7 Qa6 23. Nfxd6+ Kd8 24. Nf7+ Ke8 25. Qxa6 Nxa6 26. Nxh8 Bxh8 27. Rh3
Nb4 28. Rg3 Nxd5 29. Rxg6 Kf7 30. Rg5 Ne3+ 31. Rxe3 dxe3 32. Rxh5 Bxb2 33. Ke2
e5 34. f5 Ra6 35. Kxe3 Bd4+ 36. Kd3 Rb6 37. Rh7+ Kg8 38. Rd7 Rb3+ 39. Kc4 Rb4+
40. Kd5 Rxa4 41. Nf6+ 1-0

[Event "SC Klein-Berlin Rheine 1 - Elberfelder "]
[Site "NRW-Klasse, Gruppe 2 2010/201"]
[Date "2011.02.20"]
[Round "7.5"]
[White "Noetzel, Frank"]
[Black "Buendgen, Achim"]
[Result "0-1"]
[WhiteElo "2208"]
[BlackElo "2138"]
[Annotator "Hausrath,Daniel"]
[PlyCount "78"]
[EventDate "2011.??.??"]

1. f4 g6 2. Nf3 Bg7 3. g3 d5 4. Bg2 c5 5. O-O Nc6 6. Nc3 Nf6 7. d3 O-O 8. e4 d4
9. Ne2 e5 10. h3 Ne8 11. f5 gxf5 12. exf5 Nd6 13. g4 e4 14. dxe4 Nxe4 15. Nf4
Ng3 16. Re1 h5 17. Nd3 c4 18. Nde5 Nxe5 19. Nxe5 d3 20. Nxc4 Qd4+ 21. Kh2 Nxf5
22. Re4 Qc5 23. gxf5 dxc2 24. Qxh5 Bxf5 25. Rh4 Rad8 26. Ne3 Qc7+ 27. Kh1 Bg6
28. Qf3 Qa5 29. Rc4 Rd1+ 30. Bf1 Qe1 31. Nxc2 Qxf1+ 32. Qxf1 Rxf1+ 33. Kg2 Rd1
34. Ne3 Rd7 35. a4 Re8 36. Ra3 Be4+ 37. Kg3 Be5+ 38. Kg4 Bd3 39. Rb4 Re6 {Zü}
0-1

[Event "SC Klein-Berlin Rheine 1 - Elberfelder "]
[Site "NRW-Klasse, Gruppe 2 2010/201"]
[Date "2011.02.20"]
[Round "7.6"]
[White "Henneberger, Sven"]
[Black "Wicht, Juergen"]
[Result "1/2-1/2"]
[WhiteElo "2066"]
[BlackElo "2069"]
[PlyCount "24"]
[EventDate "2011.??.??"]

1. e4 d6 2. d4 Nf6 3. Nc3 e5 4. dxe5 dxe5 5. Qxd8+ Kxd8 6. Bg5 Be6 7. O-O-O+
Kc8 8. Bxf6 gxf6 9. Kb1 c6 10. g3 Bh6 11. Bh3 Kc7 12. f3 Nd7 1/2-1/2

[Event "SC Klein-Berlin Rheine 1 - Elberfelder "]
[Site "NRW-Klasse, Gruppe 2 2010/201"]
[Date "2011.02.20"]
[Round "7.7"]
[White "Reinartz, Georg"]
[Black "Kuempers, Ulrich"]
[Result "1-0"]
[WhiteElo "2255"]
[BlackElo "2017"]
[PlyCount "65"]
[EventDate "2011.??.??"]

1. d4 Nf6 2. c4 d6 3. Nc3 e5 4. d5 g6 5. e4 Bg7 6. Nge2 c6 7. Ng3 a6 8. Be2 b5
9. cxb5 cxb5 10. O-O O-O 11. Be3 Nbd7 12. b4 Nb6 13. a4 bxa4 14. Nxa4 Nxa4 15.
Rxa4 Bb7 16. Qa1 h5 17. f3 h4 18. Nh1 Nh5 19. Bxa6 Bxa6 20. Rxa6 Rb8 21. Qa5
Qf6 22. g3 Rfc8 23. Rc6 Rd8 24. b5 g5 25. b6 Kh7 26. Qd2 Bh6 27. Kg2 Rg8 28.
Nf2 Nf4+ 29. Kh1 hxg3 30. hxg3 Qg6 31. Ng4 Qh5+ 32. Qh2 Ne2 33. Nf6+ 1-0

[Event "SC Klein-Berlin Rheine 1 - Elberfelder "]
[Site "NRW-Klasse, Gruppe 2 2010/201"]
[Date "2011.02.20"]
[Round "7.8"]
[White "Langhanke, Guenther"]
[Black "Prange, Stefan"]
[Result "1/2-1/2"]
[WhiteElo "2004"]
[BlackElo "2155"]
[PlyCount "33"]
[EventDate "2011.??.??"]

1. e4 c5 2. Nc3 e6 3. f4 Nc6 4. Nf3 d6 5. g4 g6 6. Bg2 Bg7 7. O-O Nge7 8. d3 f5
9. exf5 exf5 10. g5 Be6 11. Re1 Qd7 12. Be3 Nd4 13. Bxd4 cxd4 14. Nb5 Qxb5 15.
Rxe6 Qd7 16. Re2 O-O 17. c4 1/2-1/2

[Event "Mettmann-Sport 1 - SF Schwerte 1"]
[Site "NRW-Klasse, Gruppe 2 2010/201"]
[Date "2011.02.20"]
[Round "7.1"]
[White "Klug, Wolfgang"]
[Black "Griebl, Joern"]
[Result "0-1"]
[WhiteElo "1911"]
[BlackElo "2262"]
[PlyCount "68"]
[EventDate "2011.??.??"]

1. c4 e5 2. Nc3 Nf6 3. Nf3 Nc6 4. e4 Bb4 5. d3 O-O 6. Be2 d6 7. O-O h6 8. h3 a6
9. Be3 Bc5 10. Qd2 Nd4 11. Bxd4 exd4 12. Nd5 Nh7 13. Nh2 c6 14. Nb4 Bb6 15. Nc2
f5 16. exf5 Bxf5 17. Bg4 d5 18. Bxf5 Rxf5 19. b3 Qd6 20. g3 Raf8 21. f4 g5 22.
Rf2 gxf4 23. Raf1 Ng5 24. Kg2 f3+ 25. Nxf3 Bc7 26. Ncxd4 Qxg3+ 27. Kh1 Qxh3+
28. Nh2 Bxh2 29. Nxf5 Bf4+ 30. Kg1 Bxd2 31. Ne7+ Kg7 32. Rxf8 Be3+ 33. R1f2
Bxf2+ 34. Rxf2 Nf3+ 0-1

[Event "Mettmann-Sport 1 - SF Schwerte 1"]
[Site "NRW-Klasse, Gruppe 2 2010/201"]
[Date "2011.02.20"]
[Round "7.2"]
[White "Perschke, Ulrich"]
[Black "Borzykin, Ihor"]
[Result "1-0"]
[WhiteElo "2136"]
[BlackElo "1927"]
[PlyCount "81"]
[EventDate "2011.??.??"]

1. d4 d5 2. Bf4 Nf6 3. e3 Bf5 4. Nf3 e6 5. c3 Bd6 6. Qb3 b6 7. Ne5 O-O 8. Nd2
Ne4 9. Nxe4 Bxe4 10. f3 Bxe5 11. Bxe5 Bg6 12. h4 Nd7 13. Bf4 h5 14. Ba6 Rb8 15.
Qa4 e5 16. dxe5 Nc5 17. Qa3 Bd3 18. Bxd3 Nxd3+ 19. Ke2 Nxf4+ 20. exf4 Qd7 21.
Kf2 Qf5 22. Rae1 Qxf4 23. Qxa7 Qc4 24. Qa3 Ra8 25. Qb3 Qc5+ 26. Kg3 f6 27. Kh3
Rae8 28. exf6 Rxe1 29. Rxe1 Rxf6 30. Qa4 b5 31. Qa8+ Kh7 32. Re5 Qg1 33. Rxh5+
Rh6 34. Rxh6+ gxh6 35. Qxd5 Qh1+ 36. Kg3 Qe1+ 37. Kg4 Qf1 38. Qf7+ Kh8 39. Kh5
Qxg2 40. Qf8+ Kh7 41. Qxh6+ 1-0

[Event "Mettmann-Sport 1 - SF Schwerte 1"]
[Site "NRW-Klasse, Gruppe 2 2010/201"]
[Date "2011.02.20"]
[Round "7.3"]
[White "Tawakol, Kai"]
[Black "Tochtrop, Matthias"]
[Result "1/2-1/2"]
[WhiteElo "2103"]
[BlackElo "2105"]
[PlyCount "56"]
[EventDate "2011.??.??"]

1. c4 g6 2. g3 Bg7 3. Bg2 e5 4. Nc3 f5 5. d3 Nf6 6. e4 O-O 7. Nge2 d6 8. O-O
Nc6 9. Be3 Ng4 10. Bd2 Be6 11. b3 Qd7 12. f3 Nf6 13. Be3 Rf7 14. Qd2 Raf8 15.
Rae1 Nh5 16. Bf2 f4 17. gxf4 Nxf4 18. Nxf4 Rxf4 19. Ne2 R4f7 20. d4 Bh3 21. Be3
exd4 22. Nxd4 Ne5 23. f4 Bxg2 24. Kxg2 Ng4 25. Bg1 Bh6 26. Ne2 Qe7 27. Qd4 Bg7
28. Qd3 a6 1/2-1/2

[Event "Mettmann-Sport 1 - SF Schwerte 1"]
[Site "NRW-Klasse, Gruppe 2 2010/201"]
[Date "2011.02.20"]
[Round "7.4"]
[White "Wille, Thomas"]
[Black "Fleischhauer, Thomas"]
[Result "1/2-1/2"]
[WhiteElo "2112"]
[BlackElo "2040"]
[Annotator "Hausrath,Daniel"]
[PlyCount "90"]
[EventDate "2011.??.??"]

1. c4 e6 2. g3 d5 3. Bg2 c5 4. Nf3 Nf6 5. O-O Nc6 6. cxd5 exd5 7. d4 Be7 8. Nc3
O-O 9. dxc5 Bxc5 10. Na4 Be7 11. Nd4 Bg4 12. Nxc6 bxc6 13. h3 Bf5 14. Be3 Qd7
15. g4 Be4 16. f3 Bg6 17. Rc1 Qe6 18. Bf2 Rfe8 19. a3 Nd7 20. Qd2 h6 $11 21. e3
Bd6 22. f4 Be4 23. Bxe4 Qxe4 24. Qc2 Rac8 25. Qxe4 Rxe4 26. Nc3 Ree8 27. Na4
Nf6 28. Nc5 Bxc5 29. Rxc5 Ne4 30. Rc2 Rb8 31. b4 Rb6 32. Rfc1 Rc8 33. Kf1 Kf8
34. Ke2 Ke8 35. Be1 Kd7 36. Bc3 Nxc3+ 37. Rxc3 Re8 38. Rd1 Rb5 39. Rd4 a5 40.
bxa5 Rxa5 41. Kf3 Rea8 42. Rdd3 Ra4 43. Rb3 R8a7 44. h4 Kd6 45. Rdc3 Kc7
1/2-1/2

[Event "Mettmann-Sport 1 - SF Schwerte 1"]
[Site "NRW-Klasse, Gruppe 2 2010/201"]
[Date "2011.02.20"]
[Round "7.5"]
[White "Vicktor, Christian"]
[Black "Meyer, Mario"]
[Result "1-0"]
[WhiteElo "2000"]
[BlackElo "2103"]
[Annotator "Hausrath,Daniel"]
[PlyCount "75"]
[EventDate "2011.??.??"]

1. d4 f5 2. c4 e6 3. g3 Nf6 4. Bg2 d5 5. Nf3 Bd6 6. O-O c6 7. b3 Qe7 8. Bb2 O-O
9. Qc2 Ne4 10. Nbd2 b6 11. a3 Bb7 12. Ne5 Nxd2 13. Qxd2 Nd7 14. Nd3 Rac8 15. a4
Nf6 16. a5 c5 17. axb6 axb6 18. dxc5 bxc5 19. Ra7 Ne4 20. Qc2 Ra8 21. Rfa1 Rxa7
22. Rxa7 Bb8 23. Ra5 Bc7 24. Ra2 d4 25. Qc1 Rb8 26. f3 Nf6 27. b4 cxb4 28. Bxd4
Bc6 29. Ra7 Qd8 30. Qe3 Bb6 31. Bxb6 Qxb6 32. Qxb6 Rxb6 33. Kf2 b3 34. Nb2 Nd7
35. Ke3 Nc5 36. Ra1 Kf7 37. Kd4 Na4 38. Rb1 {Zü} 1-0

[Event "Mettmann-Sport 1 - SF Schwerte 1"]
[Site "NRW-Klasse, Gruppe 2 2010/201"]
[Date "2011.02.20"]
[Round "7.6"]
[White "Sponheim, Marko"]
[Black "Zarges, Stephan"]
[Result "0-1"]
[WhiteElo "1991"]
[BlackElo "2136"]
[PlyCount "114"]
[EventDate "2011.??.??"]

1. e4 e5 2. Nf3 Nc6 3. d4 exd4 4. Nxd4 Bc5 5. Be3 Qf6 6. c3 Nge7 7. Bc4 Ne5 8.
Be2 d6 9. f4 N5c6 10. O-O O-O 11. Qd2 a6 12. Kh1 Bd7 13. Bf3 Ba7 14. Nxc6 Bxc6
15. Bd4 Bxd4 16. cxd4 d5 17. e5 Qh6 18. Nc3 Rad8 19. a4 f6 20. Qd3 Be8 21. Kg1
Kh8 22. g3 Bg6 23. Qe2 fxe5 24. Qxe5 Nc6 25. Qe3 Rfe8 26. Qd2 Be4 27. Rae1 Bxf3
28. Rxe8+ Rxe8 29. Rxf3 Qe6 30. Rf2 Rd8 31. Re2 Qd6 32. Nd1 Qf6 33. Qe3 h6 34.
Rd2 Qg6 35. Qd3 Qg4 36. Nf2 Qh5 37. Nd1 Re8 38. Nc3 Re1+ 39. Kg2 Qf7 40. Qf3
Ne7 41. Re2 Rxe2+ 42. Qxe2 Nf5 43. Qe5 c6 44. a5 Kh7 45. Ne2 Qg6 46. h3 Nd6 47.
Qe3 Nc4 48. Qc3 Qe4+ 49. Kf2 Nd6 50. Qf3 Qc2 51. b3 Ne4+ 52. Kg2 Nd2 53. Qh5
Qe4+ 54. Kf2 Nxb3 55. f5 Nxd4 56. Qg6+ Kg8 57. Nf4 Qxf5 0-1

[Event "Mettmann-Sport 1 - SF Schwerte 1"]
[Site "NRW-Klasse, Gruppe 2 2010/201"]
[Date "2011.02.20"]
[Round "7.7"]
[White "Duerwald, Martin"]
[Black "Schatzschneider, Karl Immo"]
[Result "1-0"]
[WhiteElo "2032"]
[BlackElo "2035"]
[Annotator "Hausrath,Daniel"]
[PlyCount "167"]
[EventDate "2011.??.??"]

1. e4 c5 2. Nc3 Nc6 3. g3 g6 4. Bg2 Bg7 5. h4 h5 6. Nh3 d6 7. d3 Bd7 8. Nd5 e6
9. Ne3 Nge7 10. c3 Qc7 11. Ng5 Rb8 12. Bh3 d5 13. Ng2 d4 14. c4 e5 15. Qf3 Nd8
16. Qe2 f6 17. Bxd7+ Qxd7 18. Nf3 Nf7 19. Bd2 Nc6 20. a3 a5 $11 21. a4 Bh6 22.
Nh2 Bxd2+ 23. Kxd2 Qe6 24. f4 Kd7 25. g4 hxg4 26. Nxg4 Nh6 27. Nxh6 Rxh6 28.
Raf1 Ne7 29. Kc2 Rbh8 30. Qf3 Rh5 31. Qg3 g5 32. fxg5 fxg5 33. Rf2 gxh4 34.
Rxh4 Rxh4 35. Nxh4 Rg8 36. Qh2 Rh8 37. Qg3 Rg8 38. Qf3 Rh8 39. Ng2 b6 40. Ne1
Re8 41. Qh5 Ng6 42. Nf3 Re7 43. Ng5 Qc6 44. b3 Nf4 45. Qg4+ Kc7 46. Qf5 Qd7 47.
Qf6 Qd6 48. Qh8 Qd8 49. Qh2 Qg8 50. Qh6 Qg7 51. Qh4 Qf6 52. Qg4 Kd6 53. Nf3 Ne6
54. Rh2 Rf7 55. Nh4 Qg5 56. Nf5+ Rxf5 57. Qxf5 Qg1 58. Rh6 Qg8 59. Rg6 Qe8 60.
Kd2 Qe7 61. Rh6 Qe8 62. Qh3 Qf7 63. Qf5 Qg8 64. Rg6 Qe8 65. Qf6 Kd7 66. Rh6 Qg8
67. Rg6 Qe8 68. Rg2 Kd6 69. Rf2 Qh5 70. Rg2 Qh3 71. Qf2 Nf4 72. Rg3 Qh1 73. Rg1
Qh3 74. Qg3 Qh5 75. Re1 Kc6 76. Kc2 Kd6 77. Kb2 Kc6 78. Ka3 Kd6 79. Ka2 Kc6 80.
Kb2 Kd6 81. Ka3 Kc6 82. Qg7 Nxd3 83. Rg1 Nf4 84. Qf6+ 1-0

[Event "Mettmann-Sport 1 - SF Schwerte 1"]
[Site "NRW-Klasse, Gruppe 2 2010/201"]
[Date "2011.02.20"]
[Round "7.8"]
[White "Wille, Julia"]
[Black "Vorschuetz, Stefan"]
[Result "1/2-1/2"]
[WhiteElo "1639"]
[BlackElo "2010"]
[Annotator "Hausrath,Daniel"]
[PlyCount "102"]
[EventDate "2011.??.??"]

1. c4 e5 2. Nc3 Nf6 3. g3 Nc6 4. Bg2 Bb4 5. Nd5 O-O 6. e3 a5 7. Ne2 d6 8. O-O
Bc5 9. b3 Nxd5 10. cxd5 Ne7 11. d4 exd4 12. Nxd4 Bd7 13. Bb2 Nf5 14. Nxf5 Bxf5
15. a3 Qd7 16. b4 Bb6 17. Re1 Rfe8 18. Bc3 Bg4 19. Qb3 axb4 20. Bxb4 Re5 21. a4
Rh5 22. a5 Ba7 23. Bc3 Rb8 24. Qa4 Qc8 25. a6 Bd7 26. axb7 Rxb7 27. Qe4 Bc5 28.
Reb1 Rxb1+ 29. Qxb1 f6 30. Qa2 Kf7 31. Qa8 Ke7 32. Qxc8 Bxc8 33. Ba5 Kd8 34. h4
Re5 35. Bc3 Re8 36. Ra8 Ke7 37. Ba5 f5 38. Bxc7 Kd7 39. Ba5 Re7 40. Bc3 Kc7 41.
Ra1 Bb7 42. Rc1 Kd7 43. Bh3 g6 44. Bg2 Rxe3 45. Rb1 $11 Rxc3 46. Rxb7+ Ke8 47.
Rxh7 Rxg3 48. h5 f4 49. Kf1 Rg5 50. Be4 gxh5 51. Rxh5 Rxh5 1/2-1/2

[Event "Elberfelder SG 1 - SF Schwerte 1"]
[Site "NRW-Klasse, Gruppe 2 2010/201"]
[Date "2011.03.13"]
[Round "8.1"]
[White "Klug, Wolfgang"]
[Black "Odendahl, Reiner"]
[Result "0-1"]
[WhiteElo "1911"]
[BlackElo "2300"]
[Annotator "Hausrath,Daniel"]
[PlyCount "70"]
[EventDate "2011.??.??"]

1. c4 g6 2. Nc3 Bg7 3. e4 c5 4. Nf3 Nc6 5. Be2 d6 6. O-O Bg4 7. Ne1 Bd7 8. Bg4
Nf6 9. Bxd7+ Qxd7 10. Nc2 O-O 11. d3 Rab8 12. Rb1 Ne8 13. Be3 Nc7 14. Qd2 Nd4
15. b4 Nce6 16. b5 Rfe8 17. Kh1 Nxc2 18. Qxc2 Nd4 19. Qd2 e6 20. Ne2 $11 d5 21.
Bxd4 cxd4 22. cxd5 exd5 23. f3 Rbc8 24. Qb4 Rc2 25. Nxd4 Rxa2 26. Qb3 Rd2 27.
Qc3 Re2 28. Qb4 Re3 29. Nb3 dxe4 30. dxe4 b6 31. Rbc1 Rd8 32. Na1 h5 33. Nc2
Rc3 34. Na3 Rxc1 35. Rxc1 Bf8 0-1

[Event "Elberfelder SG 1 - SF Schwerte 1"]
[Site "NRW-Klasse, Gruppe 2 2010/201"]
[Date "2011.03.13"]
[Round "8.3"]
[White "Tawakol, Kai"]
[Black "Mantler, Hendrik"]
[Result "1/2-1/2"]
[WhiteElo "2103"]
[BlackElo "2144"]
[Annotator "Hausrath,Daniel"]
[PlyCount "123"]
[EventDate "2011.??.??"]

1. c4 Nf6 2. g3 e6 3. Nf3 d5 4. d4 Be7 5. Bg2 O-O 6. cxd5 exd5 7. O-O Bf5 8.
Nc3 c6 9. Bg5 Ne8 10. Bxe7 Qxe7 11. Nh4 Be6 12. e3 Nd7 13. Rc1 Nd6 14. b3 Rfe8
15. Qc2 Rad8 16. Qb2 Qf6 17. Nf3 Bf5 18. Nd2 Qh6 19. Rfe1 Nf6 20. Nf1 Bh3 21.
Rcd1 Bxg2 22. Kxg2 Qg5 23. Ne2 Nf5 24. Ng1 h5 25. Nf3 $11 Qh6 26. Qc2 g6 27. h4
Ne4 28. Qc1 Re7 29. Rd3 Rde8 30. N3h2 f6 31. Nd2 Ned6 32. Nhf3 Re6 33. Rc3 Qg7
34. Rh1 Qc7 35. Rh3 Nh6 36. Ne1 Ng4 37. Nd3 Nf5 38. Nf4 R6e7 39. Nxd5 Qd6 40.
Nxe7+ Rxe7 41. Rd3 Qd5+ 42. Kg1 Nd6 43. Qc5 Qe6 44. Rh1 b6 45. Qc3 Qf5 46. f3
Ne4 47. Qxc6 Nxd2 48. Rxd2 Qb1+ 49. Kg2 Nxe3+ 50. Kh2 Nf1+ 51. Rxf1 Qxf1 52.
Qc4+ Qxc4 53. bxc4 Kf7 54. Kg2 Rc7 55. Rc2 Rd7 56. d5 Ke7 57. Kf2 Kd6 58. Ke3
Kc5 59. Ke4 a6 60. f4 Re7+ 61. Kf3 f5 62. Kf2 1/2-1/2